Загрузка...
Production management handbook/2nd ed.
| Главный автор: | |
|---|---|
| Формат: | Printed Book |
| Язык: | English |
| Опубликовано: |
USA
Gower
1986
|
| Редактирование: | 2nd ed. |
| Предметы: |
| LEADER | 00525nam a2200169 a 4500 | ||
|---|---|---|---|
| 005 | 20151028162222.0 | ||
| 008 | 960221s1955 dcuabcdjdbkoqu001 0deng d | ||
| 003 | ViArRB | ||
| 082 | |a 658.5 |b M6 | ||
| 100 | |a Walley, B. H. |9 25220 | ||
| 245 | |a Production management handbook/2nd ed. | ||
| 250 | |a 2nd ed. | ||
| 653 | |a Production management | ||
| 942 | |c BK |6 _ | ||
| 260 | |a USA |b Gower |c 1986 | ||
| 999 | |c 77609 |d 77609 | ||
| 952 | |0 0 |1 0 |2 ddc |4 0 |6 6585_M6 |7 0 |9 90572 |a SOS |b SOS |d 2009-11-12 |l 4 |o 658.5 M6 |p MS005347 |r 2013-06-14 |s 2012-11-22 |w 2009-07-13 |y BK | ||